The word of His grace : a guide to teaching and preaching from Acts /
Saved in:
| Main Author: | |
|---|---|
| Format: | Book |
| Language: | English |
| Published: |
Leicester :
Inter-Varsity Press,
[2005], ©2005.
|
| Subjects: |
MARC
| LEADER | 00000pam a2200000 a 4500 | ||
|---|---|---|---|
| 001 | 002145483 | ||
| 005 | 20260604184555.6 | ||
| 008 | 050216t20052005enk b 000 0 eng | ||
| 015 | |a GBA516578 |2 bnb | ||
| 016 | 7 | |a 013119173 |2 Uk | |
| 020 | |a 1844740757 (pbk.) | ||
| 024 | 3 | |z 9781844740757 | |
| 035 | |a (OCoLC)57751134 | ||
| 035 | |a (ndu)002145483 | ||
| 040 | |a UKM |c UKM |d IND |d UtOrBLW | ||
| 049 | |a INDU | ||
| 082 | 0 | 4 | |a 226.606 |2 22 |
| 090 | |a BS 2625.52 |b .G74 2005 | ||
| 100 | 1 | |a Green, Christopher, |d 1958- |0 http://id.loc.gov/authorities/names/n95093846 | |
| 245 | 1 | 4 | |a The word of His grace : |b a guide to teaching and preaching from Acts / |c Chris Green. |
| 260 | |a Leicester : |b Inter-Varsity Press, |c [2005], ©2005. | ||
| 300 | |a 189 pages ; |c 22 cm | ||
| 336 | |a text |b txt |2 rdacontent |0 http://rdaregistry.info/termList/RDAContentType/1020 | ||
| 337 | |a unmediated |b n |2 rdamedia |0 http://rdaregistry.info/termList/RDAMediaType/1007 | ||
| 338 | |a volume |b nc |2 rdacarrier |0 http://rdaregistry.info/termList/RDACarrierType/1049 | ||
| 504 | |a Includes bibliographical references. | ||
| 599 | 9 | 9 | |a new |d 20060223 |
| 630 | 0 | 0 | |a Bible. |p Acts |x Criticism, interpretation, etc. |
| 630 | 0 | 0 | |a Bible. |p Acts |x Homiletical use. |
| 630 | 0 | 7 | |a Bible. |p Acts. |2 fast |0 (OCoLC)fst01892885 |
| 630 | 0 | 7 | |a Bible. |2 fast |0 (OCoLC)fst01356024 |
| 655 | 7 | |a Criticism, interpretation, etc. |2 fast |0 (OCoLC)fst01411635 | |
| 994 | |a C0 |b IND | ||
| 902 | |a MARS | ||
| 999 | f | f | |i d09e6fbf-ca76-59f8-b43a-0df7c92a421c |s 9e010400-774a-420c-aab9-95a5ed9a4dd0 |t 0 |
| 952 | f | f | |p Circulating |a University of Notre Dame |b University of Notre Dame |c Hesburgh Library |s Hesburgh Library General Collection |d Hesburgh Library General Collection |t 0 |e BS 2625.52 .G74 2005 |h Library of Congress classification |i Book |m 00000023845019 |